Oracle database 12c SQL / (Record no. 82728)

MARC details
000 -LEADER
fixed length control field 01068nam a22002177a 4500
010 ## - LCCN (DPL NO)
LC control number ENG-109394
020 ## - INTERNATIONAL STANDARD BOOK NUMBER
International Standard Book Number 9789351342861
Terms of availability 825.00
035 ## - SYSTEM CONTROL NUMBER
System control number EN-92927
037 ## - SOURCE OF ACQUISITION
Source of stock number/acquisition DBAD/PUB
082 ## - DEWEY DECIMAL CLASSIFICATION NUMBER
Classification number 005.7585
100 ## - MAIN ENTRY--PERSONAL NAME
Personal name Price, Jason
245 ## - TITLE STATEMENT
Title Oracle database 12c SQL /
Statement of responsibility, etc by Jason Price
260 ## - PUBLICATION, DISTRIBUTION, ETC. (IMPRINT)
Place of publication, distribution, etc New Delhi
Name of publisher, distributor, etc McGraw Hill Education
Date of publication, distribution, etc 2014
270 ## - ADDRESS
Address P-24, Gree Park Extn.
City New Delhi
Postal code 110016
300 ## - PHYSICAL DESCRIPTION
Extent xxiv,660p.
Dimensions 25cm(pbk)
500 ## - GENERAL NOTE
General note Includes index
520 ## - SUMMARY, ETC.
Summary, etc "This Oracle Press guide shows you how to retrieve and modify database information, use SQL Plus and SQL Developer, work with database objects, write PL/SQL programs, and much more. In-depth coverage of the latest SQL features and tools, performance optimization techniques, advanced queries, Java support, and XML is included. Carefully revised to cover SQL Plus, SQL Developer, and more "-- |c Provided by publisher.
650 ## - SUBJECT ADDED ENTRY--TOPICAL TERM
Topical term or geographic name as entry element SQL (Computer program language)
650 ## - SUBJECT ADDED ENTRY--TOPICAL TERM
Topical term or geographic name as entry element COMPUTERS / Database Management / General.
942 ## - ADDED ENTRY ELEMENTS (KOHA)
Source of classification or shelving scheme Dewey Decimal Classification
Item type English Books
Call number suffix PRI
Classification part 005.7585
Holdings
Withdrawn status Lost status Not for loan Collection code Home library Current library Date acquired Source of acquisition Cost, normal purchase price Full call number Barcode Copy number Cost, replacement price Koha item type
    Not For Loan Non-fiction D.B.Act.Division D.B.Act.Division 25/02/2014 DBAD/PUB 825.00 005.7585 PRI EN-92927 1 825.00 English Books

© Delhi Public Library
Hit Counter
free hit counter